<?xml version="1.0" encoding="UTF-8"?><?xml-stylesheet type="text/xsl" href="static/style.xsl"?><OAI-PMH xmlns="http://www.openarchives.org/OAI/2.0/" xmlns:xsi="http://www.w3.org/2001/XMLSchema-instance" xsi:schemaLocation="http://www.openarchives.org/OAI/2.0/ http://www.openarchives.org/OAI/2.0/OAI-PMH.xsd"><responseDate>2026-04-13T01:03:18Z</responseDate><request verb="GetRecord" identifier="oai:www.recercat.cat:10459.1/65175" metadataPrefix="marc">https://recercat.cat/oai/request</request><GetRecord><record><header><identifier>oai:recercat.cat:10459.1/65175</identifier><datestamp>2024-12-05T21:30:13Z</datestamp><setSpec>com_2072_3622</setSpec><setSpec>col_2072_479130</setSpec></header><metadata><record xmlns="http://www.loc.gov/MARC21/slim" xmlns:dcterms="http://purl.org/dc/terms/" xmlns:xsi="http://www.w3.org/2001/XMLSchema-instance" xmlns:doc="http://www.lyncode.com/xoai" xsi:schemaLocation="http://www.loc.gov/MARC21/slim http://www.loc.gov/standards/marcxml/schema/MARC21slim.xsd">
   <leader>00925njm 22002777a 4500</leader>
   <datafield ind2=" " ind1=" " tag="042">
      <subfield code="a">dc</subfield>
   </datafield>
   <datafield ind2=" " ind1=" " tag="720">
      <subfield code="a">Argilés, Josep M.</subfield>
      <subfield code="e">author</subfield>
   </datafield>
   <datafield ind2=" " ind1=" " tag="720">
      <subfield code="a">Llovera i Tomàs, Marta</subfield>
      <subfield code="e">author</subfield>
   </datafield>
   <datafield ind2=" " ind1=" " tag="720">
      <subfield code="a">López-Soriano, Francisco J.</subfield>
      <subfield code="e">author</subfield>
   </datafield>
   <datafield ind2=" " ind1=" " tag="260">
      <subfield code="c">2018-11-23T08:56:32Z</subfield>
   </datafield>
   <datafield ind2=" " ind1=" " tag="260">
      <subfield code="c">2018-11-23T08:56:32Z</subfield>
   </datafield>
   <datafield ind2=" " ind1=" " tag="260">
      <subfield code="c">1993</subfield>
   </datafield>
   <datafield ind2=" " ind1=" " tag="260">
      <subfield code="c">2018-11-23T08:56:33Z</subfield>
   </datafield>
   <datafield ind2=" " ind1=" " tag="520">
      <subfield code="a">L'etiologia del càncer es basa fonamentalment en l'aparició d'un dany genètic en una cèl·lula que ocasiona una expressió anormal de determinats gens, els productes dels quals canvien dramàticament el fenotip cel·lular. Com a conseqüència d 'aquest fet, les cèl·lules transformades adquireixen tota una sèrie de característiques bioquímiques que els donen un gran avantatge en la seva competició per substrats i factors tròfics amb les cèl·lules normals. El creixement tumoral indueix en l'hoste tot un seguit de canvis metabòlics que es tradueix en un profund desequilibri energètic com a conseqüència de l'elevat grau d'ineficiència metabòlica generat per la massa tumoral en creixement. El conjunt d 'alteracions porta al pacient a una profunda caquèxia caracteritzada per una massiva pèrdua de pes i desgast muscular que sovint acaba amb la mort abans que el tumor hagi arribat a adquirir el màxim grau de malignitat. En els darrers anys s'ha pogut comprovar que gran part de les adaptacions metabòliques generades en resposta a l'estímul invasiu són conseqüència de l'acció de compostos alliberats per les pròpies cèl·lules del sistema immunitari de l 'animal o individu portador del tumor. Per tot això, la futura recerca en el tractament del càncer ha d'ésser dirigida, d 'una banda, a un millor coneixement del sistema bioquímic hoste-tumor i, d'una altra, al desenvolupament de nous fàrmacs antitumorals que tinguin en compte no només l'anihilació del tumor, sinó també la resposta metabòlica de l'hoste, responsable, en molts casos, de l'aparició del síndrome caquèctic i, conseqüentment, de la mort del pacient.</subfield>
   </datafield>
   <datafield ind1="8" ind2=" " tag="024">
      <subfield code="a">http://hdl.handle.net/10459.1/65175</subfield>
   </datafield>
   <datafield tag="653" ind2=" " ind1=" ">
      <subfield code="a">Creixement tumoral</subfield>
   </datafield>
   <datafield tag="653" ind2=" " ind1=" ">
      <subfield code="a">Hoste</subfield>
   </datafield>
   <datafield tag="653" ind2=" " ind1=" ">
      <subfield code="a">Metabolisme</subfield>
   </datafield>
   <datafield tag="653" ind2=" " ind1=" ">
      <subfield code="a">Citocines</subfield>
   </datafield>
   <datafield tag="653" ind2=" " ind1=" ">
      <subfield code="a">Caquèxia</subfield>
   </datafield>
   <datafield ind2="0" ind1="0" tag="245">
      <subfield code="a">Creixement tumoral i metabolisme de l'hoste: dues cares d'una mateixa moneda</subfield>
   </datafield>
</record></metadata></record></GetRecord></OAI-PMH>